LEADER 01569nam a2200313 u 4500 001 000000023006 003 CaOOAMICUS 005 20070226111205.0 008 910521s1993 it u000 u ita u 035 $a10577553 040 $aPUL(R)$bita 110 2 $aCentro Studi Sanguis Christi (Roma).$bSettimana di studi$n(8 :$d1991 :$cRoma).$0(OLS)http://pul/name/19465 245 10$aSangue e antropologia nel Medioevo :$batti della settimana, Roma, 25 - 30 novembre 1991 /$ca cura di Francesco Vattioni. 260 $aRoma :$bEd. Primavera 92,$c1993. 300 $a2 v. ;$c24 cm 490 1 $aSangue e antropologia ;$v8 490 1 $aCentro Studi Sanguis Christi ;$v8 650 4$aSangue (religione, folklore ecc.)$xCongressi.$0(OLS)http://pul/subject/2330 700 1 $aVattioni, Francesco.$0(OLS)http://pul/name/2774 830 0$aCentro Studi Sanguis Christi ;$v8.$0(OLS)http://pul/title/3836 830 0$aSangue e antropologia ;$v8.$0(OLS)http://pul/title/3835 850 $aPUL 852 $aPUL$W1$xSL Religione 1$y3$m68 C 8a-b$j32238$nBK-PRI$b $qStampati$B32238$CPULBib$Z2$F32238 $H $81 852 $aPUL$W1$xSL Religione 1$y3$m68 C 8a-b$j32238$nBK-PRI$b $qStampati$B32239$CPULBib$Z2$F32239 $H $81 941 1 $a8 961 $aINV: 73454-73455 961 $aINV: 73454-73455 996 $6245$aSangue e antropologia nel Medioevo :$batti della settimana, Roma, 25 - 30 novembre 1991$9(OLS)http://pul/title/32045 996 $6260$aRoma :$bEd. Primavera 92$9(OLS)http://pul/publisher/57836 LEADER 01118nam a2200253 u 4500 001 000000082072 003 CaOOAMICUS 005 20070226123826.0 008 050406s1926 fr u000 u fre u 035 $a11038044 040 $aPUL(R)$bita 100 0 $aRichardus de Sancto Victore,$dm. 1173.$0(OLS)http://pul/name/19693 245 14$aLes quatre degrés de l'amour ardent /$cRichard De Saint-Victor ; traduction de M. l'abbé Ed. Leclef. 260 $aParis :$bEditions de la Vie Spirituelle,$c[1926] 300 $a52 p. ;$c16 cm 490 1 $aChefs-d'oeuvre ascétiques et mystiques 650 4$aSpiritualità.$0(OLS)http://pul/subject/843 830 0$aChefs-d'oeuvre ascétiques et mystiques.$0(OLS)http://pul/title/68523 850 $aPUL 852 $aPUL$W1$xDP1 Fondo Cecchetti$y53$m260 T 65$j104629$nBK-PRI$b $qFondi$B104629$CPULBib$Z2$F104629 $82 900 $aRiccardo,$cpriore di Saint-Victor,$dm. 1173$919693 941 1 $a1 996 $6245$aLes quatre degrés de l'amour ardent$9(OLS)http://pul/title/107290 996 $6260$aParis :$bEditions de la Vie Spirituelle$9(OLS)http://pul/publisher/76183